Países por Imágenes Parciales de Banderas #4 - Estadísticas

Estadísticas generales
  • Esta prueba ha sido intentada 5.479 veces
  • La puntuación promedio es 13 de 16
Estadísticas de respuestas
Imagen Respuesta % Correcto
Argentina
100%
Chipre
95%
Marruecos
95%
Islandia
91%
Líbano
90%
Túnez
90%
Barbados
87%
Nueva Zelanda
87%
Eslovenia
86%
Andorra
85%
República Dominicana
81%
Montenegro
80%
Taiwán
68%
Kiribati
67%
Bolivia
64%
Malaui
61%
No se encontraron pruebas coincidentes
Distribución de puntuación
Porcentaje de gente con cada puntuación
Porcentaje por número respondido
Historial de tus puntuaciones
No has intentado esta prueba.